000 01957nam a22001577a 4500
041 _aukr
080 _a09
090 _bКОВ
100 _aКоваленко О.М.
245 _aСтильові особливості американської лірики середини XX століття
260 _aОстрог
_bКАФ
_c2007
300 _a71
520 _aВступ. Розділ 1. Емма Андієвська як представниця Нью-Йоркської поетичної школи. 1.1. Основні мотиви у ліриці Емми Андієвської. 1.2. Структурні та мовленнєві особливості поетичних творів Емми Андієвської. 1.3. Гіпертекст як стилістичний вияв сюрреалістичного світобачення. Розділ 2. Вплив експресіоналізму на творчість поетів школи Блек Маутин. 2.1. Філософськіконцепції як підґрунтя творчості Роберта Крілі. 2.2. Вираження філософських настроїв покоління за допомогою експерементальних прийомів побудови вірша. Розділ 3. Особливості американського сюрреалізму: творчість Марка Стренда. 3.1. Ідейно-філософський базис сюрреалізму. 3.2. Автоматичне письмо як засіб втілення основних концепцій сюрреалістичного світобачення. 3.3. Стильовий аспект сюрреалістичних творів Марка Стренда. Висновки.
_0Емма Андієвська, експресіонізм, сюрреалізм, Стренд
650 _aResearch Papers
999 _c283988
_d283988
942 _cBK